| 000 | 00419nam a2200169 a 4500 | ||
|---|---|---|---|
| 001 | 0000-9326 | ||
| 003 | ELIB.Books | ||
| 008 | 110520 1985 | ||
| 035 | _a(ELIB.Books)0000-9478 | ||
| 082 |
_a253 _bRob |
||
| 100 | _aRobbins, Paul D | ||
| 245 | _aWhen it's time to Move | ||
| 260 |
_bTexas: Word Books Publisher _c1985 |
||
| 650 | _aPreaching | ||
| 942 |
_2ddc _cBK |
||
| 998 |
_cbat _e2011-05-20 |
||
| 999 |
_c9326 _d9326 |
||